000 01338nam0a2200349 4500
001 RU\NLR\bibl\173309
005 20260407064836.0
021 _aRU
_b2001-21069
_9997
035 _a(NLR Aleph) 000170079
090 _a979986
_c979986
100 _a20010724d2000 |||y0rusy50 ca
101 0 _arus
102 _aRU
105 _aa |||||||||
200 1 _aОборудование. Материалы. Инструменты
_eКаталог
_fКонцерн "Промснабкомплект"
210 _aСПб.
_cПОИСК
_d2000
215 _a96 с.
_cил.
_d21
225 1 _aБиблиотека главного инженера, начальника отдела снабжения
606 0 _aПромышленное оборудование
_jКаталоги
_91582826
_3RU\NLR\auth\66694835
610 0 _aПромышленное оборудование - Каталоги
675 _a658.274(085.2)
_v3
_zrus
686 _a06.81
_2rugasnti
686 _a30.604
_2rubbk
686 _aЖ605я87
711 0 2 _a"ПромСнабКомплект", концерн
_cСанкт-Петербург
_3RU\NLR\AUTH\8810032246
_9563035
801 0 _aRU
_bRKP
_c20010724
_gPSBO
801 1 _aRU
_bRKP
_c20010724
801 2 _aRU
_bNLR
_c20071224
_grcr
852 _aNLR
_jПт 10.02/119
942 _cBOOK
980 _aNB